Statistics for Born 2 Rule lyrics (HORRIBLE HISTORIES)

Click here to take the quiz!

General Stats

  • This quiz has been taken 407 times
  • The average score is 191 of 249

Answer Stats

Answer% Correct
a
99%
to
99%
born
97%
I
97%
rule
97%
the
97%
1
96%
2
96%
over
96%
you
96%
3
95%
4
95%
was
95%
and
94%
George
94%
King
93%
on
93%
we
92%
fat
89%
ha
89%
one
86%
mad
85%
too
83%
bad
82%
just
82%
German
81%
England
80%
because
79%
do
79%
of
79%
were
79%
died
78%
our
77%
sad
77%
blood
76%
he
76%
me
76%
my
76%
what
76%
blue
75%
had
75%
told
75%
with
75%
son
74%
when
74%
Georges
71%
throne
71%
Protestant
70%
that
70%
father
69%
took
69%
number
68%
here
66%
would
66%
English
65%
fought
65%
have
65%
loo
65%
now
65%
prince
65%
Prince
65%
they
64%
argue
63%
'cause
63%
for
63%
then
63%
adored
61%
all
61%
frame
61%
killed
61%
kings
61%
their
61%
before
60%
broke
60%
clear
60%
especially
60%
year
60%
anything
59%
as
59%
diarrhoea
59%
giant
59%
husbands
59%
reign
59%
scales
59%
that's
59%
fu
58%
kangaroo
58%
ladies
58%
records
58%
though
58%
60
57%
hunk
57%
I'd
57%
or
57%
everyone
56%
funny
56%
money
56%
not
56%
in
55%
Charles
54%
liked
54%
us
54%
everyone's
53%
hated
53%
people
53%
swooned
53%
them
53%
who's
53%
England's
51%
him
51%
is
51%
subjects
51%
thrilled
51%
at
50%
bonkers
50%
home
50%
said
50%
zoo
50%
war
49%
Bonnie
48%
fruit
47%
more
47%
spent
47%
batty
46%
been
46%
song
46%
through
46%
gorged
43%
banana
40%
stank
38%
yeah
35%
giels
11%

Score Distribution

Percentile by Number Answered

Percent of People with Each Score

Your Score History

You have not taken this quiz